Hamburger Beiträge z.Friedensforschung u.Sicherheitspolitik (Record no. 2510)

MARC details
000 -LEADER
fixed length control field 00535nas a22001937i 4500
001 - CONTROL NUMBER
control field 2535
003 - CONTROL NUMBER IDENTIFIER
control field OSt
005 - DATE AND TIME OF LATEST TRANSACTION
control field 20170126082307.0
007 - PHYSICAL DESCRIPTION FIXED FIELD--GENERAL INFORMATION
fixed length control field tu
008 - FIXED-LENGTH DATA ELEMENTS--GENERAL INFORMATION
fixed length control field 161220s xxu||||| |||| 00| 0 d
024 7# - OTHER STANDARD IDENTIFIER
Standard number or code 2534
Source of number or code RID
024 7# - OTHER STANDARD IDENTIFIER
Standard number or code 2535
Source of number or code RSN (alt)
040 ## - CATALOGING SOURCE
Transcribing agency OSt
110 2# - MAIN ENTRY--CORPORATE NAME
Corporate name or jurisdiction name as entry element Institut für Friedensforschung und Sicherheitspolitik
Relator term Ed.
245 00 - TITLE STATEMENT
Title Hamburger Beiträge z.Friedensforschung u.Sicherheitspolitik
260 ## - PUBLICATION, DISTRIBUTION, ETC.
Place of publication, distribution, etc. Hamburg.
300 ## - PHYSICAL DESCRIPTION
Other physical details nicht kat.
490 ## - SERIES STATEMENT
Series statement Hamburger Beiträge z.Friedensforschung u.Sicherheitspolitik
942 ## - ADDED ENTRY ELEMENTS (KOHA)
Koha item type Periodical
Holdings
Withdrawn status Lost status Damaged status Not for loan Home library Current library Shelving location Date acquired Inventory number Total Checkouts Barcode Date last seen Price effective from Koha item type Serial Enumeration / chronology
        WIIW WIIW Corridor 05/15/1995 2535   302533 01/26/2017 01/26/2017 Periodical  
        WIIW WIIW Corridor 11/26/2012 2535   10005161 01/26/2017 01/26/2017 Periodical 2012,159
        WIIW WIIW Corridor 06/10/2013 2535   10005650 01/26/2017 01/26/2017 Periodical 2013,160
The Vienna Instiute for International Economic Studies (wiiw)